| 000 | 00582nam a2200241 a 4500 | ||
|---|---|---|---|
| 001 | nice12345678 | ||
| 003 | IN_TiNIC | ||
| 005 | 20260116012613.0 | ||
| 008 | 050524s1946 lona grp 000 0 eng | ||
| 020 |
_a _c100 |
||
| 082 | 0 | 0 |
_a231 _bJAY |
| 100 | _aJay, Eric G | ||
| 245 | _aExistence of God | ||
| 260 |
_aLondon _bSociety for Promoting Christian Knowledg _c1946 |
||
| 300 | _a71p | ||
| 500 | _aincludes index and biblioraphy | ||
| 505 | 2 | _aAppendix | |
| 650 | _aGod-Biblical Teaching | ||
| 700 | 1 | _aJay, Eric G | |
| 902 | _bSRS | ||
| 942 | _cBK | ||
| 999 |
_c7635 _d7635 |
||